Pittsburgh Steelers - Defensive Stat Leaders - Statistics

General Stats
  • This quiz has been taken 13 times
  • The average score is 48 of 75
Answer Stats
Season Stat # Player % Correct
2018 Sack 13.0 T.J. Watt
100%
2019 Sack 14.5 T.J. Watt
100%
2020 Sack 15.0 T.J. Watt
100%
2021 Sack 22.5 T.J. Watt
100%
2023 Sack 19.0 T.J. Watt
100%
2024 Sack 11.5 T.J. Watt
100%
2009 INT 3* Troy Polamalu
100%
2013 INT 2* Troy Polamalu
100%
2007 Tackle 98 James Harrison
90%
2007 Sack 8.5 James Harrison
90%
2008 Sack 16.0 James Harrison
90%
2010 Sack 10.5 James Harrison
90%
2011 Sack 9.0* James Harrison
90%
2012 Sack 6.0* James Harrison
90%
2016 Sack 5.0 James Harrison
90%
2022 Tackle 104 Myles Jack
90%
2024 Tackle 129 Patrick Queen
90%
2004 Tackle 97 Troy Polamalu
90%
2004 INT 5 Troy Polamalu
90%
2006 INT 3* Troy Polamalu
90%
2008 INT 7 Troy Polamalu
90%
2010 INT 7 Troy Polamalu
90%
2011 INT 2* Troy Polamalu
90%
2022 Sack 14.5 Alex Highsmith
80%
2002 INT 4* Brent Alexander
80%
2014 Sack 7.5* Cam Heyward
80%
2015 Sack 7.0 Cam Heyward
80%
2017 Sack 12.0 Cam Heyward
80%
2002 Sack 9.0* Jason Gildon
80%
2002 Tackle 89 Joey Porter
80%
2005 Sack 10.5 Joey Porter
80%
2006 Sack 7.0 Joey Porter
80%
2023 INT 2* Patrick Peterson
80%
2016 INT 3* Artie Burns
70%
2024 INT 5 Donte Jackson
70%
2019 INT 5* Joe Haden
70%
2020 Tackle 79 Minkah Fitzpatrick
70%
2020 INT 4 Minkah Fitzpatrick
70%
2021 Tackle 124 Minkah Fitzpatrick
70%
2022 INT 6 Minkah Fitzpatrick
70%
2011 Tackle 100 Ryan Clark
70%
2017 INT 3* Ryan Shazier
70%
2007 INT 3 Ike Taylor
60%
2004 Sack 8.0 Aaron Smith
50%
2019 Tackle 109 Devin Bush
50%
2003 Tackle 141 James Farrior
50%
2005 Tackle 121 James Farrior
50%
2006 Tackle 128 James Farrior
50%
2008 Tackle 133 James Farrior
50%
2009 Tackle 102 James Farrior
50%
2009 Sack 13.5 LaMarr Woodley
50%
2010 Tackle 135 Lawrence Timmons
50%
2012 INT 3 Lawrence Timmons
50%
2013 Tackle 126 Lawrence Timmons
50%
2014 Tackle 132 Lawrence Timmons
50%
2015 Tackle 119 Lawrence Timmons
50%
2016 Tackle 114 Lawrence Timmons
50%
2000 Sack 13.5 Jason Gildon
40%
2001 Sack 12.0 Jason Gildon
40%
2012 Tackle 113 Larry Foote
40%
2023 Tackle 101 Elandon Roberts
30%
2018 INT 2 Joe Haden
30%
2014 INT 3* William Gay
30%
2021 INT 3 Ahkello Witherspoon
20%
2003 INT 4 Brent Alexander
20%
2001 INT 5 Chad Scott
20%
2005 INT 3 Chris Hope
20%
2000 INT 5* Dewayne Washington
20%
2000 Tackle 128 Earl Holmes
20%
2001 Tackle 118 Earl Holmes
20%
2013 Sack 8.0 Jason Worilds
20%
2003 Sack 8.0 Kimo von Oelhoffen
10%
2015 INT 3 Mike Mitchell
10%
2017 Tackle 92 Sean Davis
10%
2018 Tackle 80 Sean Davis
10%
No matching quizzes found
Score Distribution
Percent of People with Each Score
Percentile by Number Answered
Your Score History
You have not taken this quiz